000 00728cab a2200229 4500
001 WB2813-22
008 090401t1992 xxu||||| |||| 00| 0 eng d
035 _a(Sirsi) u63877
041 _aeng
245 _aMineral rights retained on sold land
260 _c1992
350 _a0
490 _aBig Farm Weekly
_v19 March 1992, 27(1)
520 _aA farm has been sold, where the vendors chose to retain the mineral rights on the land, offering index-linked compensation to the purchaser if the minerals were ever extracted.
650 _aCOMPENSATION
650 _aMINERAL EXTRACTION
650 _aMINERAL RIGHTS
650 _aSAND AND GRAVEL
690 _aMINING AND MINERALS
942 _n0
948 _c04/03/1997
999 _c39742
_d39742